000 00331nam a2200133Ia 4500
008 240624s9999 xx 000 0 und d
041 _aeng
082 _a133.90135 WEI
100 _aWEISS BRIAN L
245 _aMANY LIVES MANY MASTERS
260 _c1988
_aNew York
_bA Fireside Book
300 _a219 : p. : cm. ; 22
365 _c
_b20
999 _c4502
_d4502